Textbook of secretarial practice (Record no. 5439)

MARC details
000 -LEADER
fixed length control field 00492cam a2200181ua 4500
001 - CONTROL NUMBER
control field 6292
005 - DATE AND TIME OF LATEST TRANSACTION
control field 20260515114027.0
008 - FIXED-LENGTH DATA ELEMENTS--GENERAL INFORMATION
fixed length control field 131128n ii |||gr||||Z||||||eng
040 ## - CATALOGING SOURCE
Transcribing agency MAIN
082 ## - DEWEY DECIMAL CLASSIFICATION NUMBER
Classification number 651
245 11 - TITLE STATEMENT
Title Textbook of secretarial practice
Statement of responsibility, etc. By Ashok K. bagrial
260 ## - PUBLICATION, DISTRIBUTION, ETC.
Place of publication, distribution, etc. New delhi:
Name of publisher, distributor, etc. vikas publishing house pvt ltd,
Date of publication, distribution, etc. 1985.
300 ## - PHYSICAL DESCRIPTION
Extent xxii,334p.
653 ## - INDEX TERM--UNCONTROLLED
Uncontrolled term Commerce
653 ## - INDEX TERM--UNCONTROLLED
Uncontrolled term Textbook of secretarial practice
700 1# - ADDED ENTRY--PERSONAL NAME
Personal name Bagrial,Ashok k.,
Relator term Author.,
942 ## - ADDED ENTRY ELEMENTS (KOHA)
Koha item type Books
Holdings
Withdrawn status Lost status Damaged status Not for loan Home library Current library Shelving location Date acquired Total checkouts Full call number Barcode Date last seen Copy number Price effective from Koha item type
        Naharkatiya College Library Naharkatiya College Library General stacks 09/19/2020   651 | BAG 13423 09/19/2020 1 09/19/2020 Books